|
|
|
|
| LEADER |
01534nam a22004212i 4500 |
| 001 |
001536075 |
| 003 |
CZ BrMZK |
| 005 |
20170427164920.0 |
| 007 |
ta |
| 008 |
160720s1983 xr erc||||||||||cze d |
| 040 |
|
|
|a BOA001
|b cze
|e rda
|
| 043 |
|
|
|a e-xr---
|
| 045 |
|
|
|a x4x4
|
| 072 |
|
7 |
|a 75
|x Malířství
|2 Konspekt
|9 21
|
| 080 |
|
|
|a 75(437.3)
|2 MRF
|
| 080 |
|
|
|a 76(437.3)
|2 MRF
|
| 080 |
|
|
|a 7.036/.038
|2 MRF
|
| 080 |
|
|
|a (437.3)
|2 MRF
|
| 080 |
|
|
|a (083.824)
|2 MRF
|
| 100 |
1 |
|
|a Smetana, Jan,
|d 1918-1998
|7 jn19990216165
|4 art
|
| 245 |
1 |
0 |
|a Zasloužilý umělec Jan Smetana :
|b výběr z malířského a grafického díla z let 1942-1948 : Rabasova galerie v Rakovníku, Malá síň, duben-květen 1983 /
|c text Václav Zoubek
|
| 264 |
|
1 |
|a Rakovník :
|b Okresní muzeum a galerie,
|c 1983
|
| 300 |
|
|
|a 1 složený list
|
| 336 |
|
|
|a text
|b txt
|2 rdacontent
|
| 337 |
|
|
|a bez média
|b n
|2 rdamedia
|
| 338 |
|
|
|a svazek
|b nc
|2 rdacarrier
|
| 600 |
1 |
7 |
|a Smetana, Jan,
|d 1918-1998
|7 jn19990216165
|2 czenas
|
| 648 |
|
7 |
|a 20. století
|7 ch460558
|
| 648 |
|
4 |
|a 1942-1948
|
| 650 |
0 |
7 |
|a české malířství
|7 ph116864
|y 20. století
|2 czenas
|
| 650 |
0 |
7 |
|a česká grafika
|7 ph128116
|y 20. století
|2 czenas
|
| 650 |
0 |
7 |
|a moderní umění
|7 ph115340
|z Česko
|2 czenas
|
| 655 |
|
7 |
|a katalogy výstav
|7 fd132536
|2 czenas
|
| 700 |
1 |
|
|a Zoubek, Václav,
|d 1953-
|7 jo2002112328
|4 wfw
|
| 910 |
|
|
|a BOA001
|b X-0921.753
|
| 990 |
|
|
|a BK
|
| 991 |
|
|
|b 201605
|
| 996 |
6 |
|
|b 2619167245
|c X-0921.753
|l MZK
|r Sklad / do 24 hodin
|n 1
|w 001571072
|u 000010
|a 1
|e BOA001
|j MZK50
|s P
|